000 00296nam a2200121Ia 4500
008 221030s9999 xx 000 0 und d
041 _aEnglish
100 _aC. R. Kothari
245 0 _aResearch Methodology : Methods & Techniques
_cby C. R. Kothari
260 _c0
650 _aMb
942 _cBK
999 _c16661
_d16661